Culture générale 100 questions progressives (1) - Statistiques

Statistiques générales
  • Ce quiz a été pris 4 559 fois
    3 680 depuis la dernière actualisation
  • Le résultat moyen est 32 sur 100
Statistiques - réponses
% Question Réponse % Correct
1 Quel est le prénom du président Macron ? Emmanuel
100%
2 Combien font treize et cinq en lettres ? Dix-huit
94%
3 Qui construit la voiture nommée Golf ? Volkswagen
83%
4 Quelle est la capitale des Pays-Bas ? Amsterdam
82%
5 De quoi raffole le panda ? Bambou
82%
6 Quels sont les chiffres qui indiquent le permis de tuer de James Bond ? 00
81%
7 Qu'est le H dans H2O ? Hydrogène
80%
9 Sur quel continent se trouve le lac Victoria ? Afrique
77%
60 Sur quel continent vit l'éléphant le plus grand ? Afrique
77%
8 Quel roi a succédé à Louis XIII en France ? Louis XIV
77%
10 Quel château Louis XIV a-t-il fait construire ? Versailles
76%
11 Quelle bataille a eu lieu en 1515 ? Marignan
71%
40 Combien sont les nains qui accueillent Blanche-Neige ? 7
69%
12 Quel était le prénom de M. Lux, animateur de télévision ? Guy
61%
13 Quel pays a été envahi par l'Irak en 1990 ? Koweït
56%
16 Qui a créé Facebook ? Mark Zuckerberg
55%
15 Quelle ville est surnommée Big Apple ? New York
55%
14 Qui était le roi des Dieux chez les Grecs ? Zeus
55%
17 Qui a dit "Impossible n'est pas français !" ? Napoléon
51%
20 Qui a écrit "Les Misérables" Victor Hugo
51%
18 Comment se nomme le mâle de la chèvre ? Bouc
50%
19 Quel est le plus gros animal terrestre actuel ? Eléphant
50%
21 Dans quel département se trouve Bordeaux ? Gironde
50%
41 Qui vole ? Superman ou Spiderman ? Superman
46%
24 Comment se nomme la cathédrale qui a partiellement brulé en 2019 à Paris ? Notre-Dame
43%
23 De quelle couleur est Shrek ? Vert
43%
22 Quel film français a fait le plus d'entrées à ce jour ? (août 2023) ? Bienvenue chez les Chtis
42%
25 Quels sont les deux verbes auxiliaires en français ? Etre avoir
41%
26 Quelle crème sucrée porte le nom d'un château de l'Oise ? Chantilly
40%
29 Quelle est la couleur du maillot des rugbymen néo-zélandais ? Noir
40%
32 Combien font 11 x 2 + 7 - 3 + 24 50
39%
28 Quel pays est voisin uniquement de l'Espagne et de la France Andorre
39%
31 Que signifie "library" en anglais ? Bibliothèque
39%
27 Comment s'appelle la tour construite à Paris en 1889 ? Eiffel
39%
30 Quelle épidémie a fait des millions de morts en Europe entre 1347 et 1351 ? Peste noire
39%
33 Que signifie WWW ? World Wide Web
38%
65 Quel président a été élu en France en 1965 ? Charles de Gaulle
36%
34 Qui règne en Angleterre en août 2023 ? Charles III
36%
35 De quel mot vient "frigo" ? Réfrigérateur
32%
36 Qui a écrit le Crime de l'Orient Express ? Agatha Christie
31%
67 De quelle couleur est le lapis lazuli ? Bleu
31%
68 Qui n'a pas été président de la République ? Clémenceau ou Poincaré Clémenceau
30%
44 Quelle est la couleur du sous-marin des Beatles ? Jaune
30%
43 Comment se prénomme l'Australopithèque dont le squelette a été découvert en Ethiopie en 1974 ? Lucy
29%
45 Avec quelle volaille qui cacarde fait-on du foie gras ? Oie
29%
51 Quel paquebot a coulé en 1912 lors de son voyage inaugural ? Titanic
29%
37 Quel fleuve sépare les Etats-Unis du Mexique, selon les Américains ? Rio grande
28%
46 Où l'héritier du trône d'Autriche-Hongrie a-t-il été assassiné en 1914 ? (ville) Sarajevo
28%
42 Qui gouvernait en Angleterre en 1941 ? Winston Churchill
28%
48 Quel patronyme portait le père et le fils qui ont été présidents des Etats-Unis ? Bush | Adams
27%
49 Que mange-t-on traditionnellement le 2 février ? Crêpes
27%
66 Quel prénom peut désigner un maillot de corps ? Marcel
27%
47 Qui habitait 221B Baker street ? Sherlock Holmes
27%
39 En quelle année le mur de Berlin est-il tombé ? 1989
26%
38 Quelle est par sa superficie le plus grand département français ? Guyane
26%
50 Quelle est la capitale du Liberia ? Monrovia
25%
52 Qui était Norma Jean Baker ? Marilyn Monroe
24%
61 Comment appelle-t-on le "Forget-me-not" en français ? Myosotis
24%
69 Qui chantait "Les gens du Nord" ? Enrico Macias
22%
54 Quel est le nom du canal qui relie l'Océan Atlantique à l'Océan Pacifique ? Panama
22%
53 Que sont Charlotte et Amandine chez le primeur ? Pommes de terre
22%
55 En italien, quel est le pluriel de spaghetti ? Spaghetti
22%
62 Quel est le patronyme des deux derniers dirigeants cubains ? Castro
21%
56 Quel est l'ancien nom du Burkina Faso ? Haute-Volta
21%
58 Quelle est la fleur traditionnelle de la Toussaint ? Chrysanthème
20%
57 Comment se nomme l'ancienne capitale du Japon ? Kyoto
20%
70 Quel est l'album de Johnny Hallyday le plus vendu ? Sang pour sang
19%
59 Comment appelle-t-on un astronaute en Europe ? Spationaute
19%
71 Quel est le prénom du capitaine Haddock ? Archibald
18%
64 Quel fruit entre dans la composition du clafoutis ? Cerise
18%
72 Dans quel département se trouve le Mont-Saint-Michel ? Manche
18%
63 Comment appelle-t-on le Timor oriental en portugais ? Timor Leste
18%
73 Quelle discipline a rapporté le plus de médailles olympiques à la France ? Escrime
16%
99 Quel est le plat national du Vietnam ? Pho
15%
74 Quelle marque de consoles de jeu a été créée en 1977 ? Atari
14%
75 Quel fromage normand est en forme de coeur ? Neufchâtel
13%
76 Dans quelle ville se déroule une grande vente de vin le 3e week-end de novembre ? Beaune
12%
78 En France les trains roulent... à gauche ou à droite ? A gauche
11%
77 Qu'appelle-t-on la Maison de Molière ? Comédie française
11%
79 Quel est le seul département français qui tire son nom d'une expression poétique ? Côte d'or
10%
80 John Lennon, Paul McCartney, George Harrison et... Ringo Starr
10%
88 Quel animal domestique est nyctalope ? Chat
9%
83 Quelle ville va organiser les JO de 2028 ? Los Angeles
8%
92 En quelle année France 2 a succédé à Antenne 2 ? 1992
7%
84 En quelle matière est construit le Taj Mahal ? Marbre
7%
85 Sur quelle planète est né Alf ? Melmac
7%
90 En quelle année la république est-elle proclamée pour la 1ère fois en France ? 1792
6%
86 Qu'est ce qui devait durer 1000 ans selon Hitler ? 3e reich | IIIe reich | Troisième reich
6%
94 Combien de symphonies ont été écrites par Mozart ? 41
6%
89 Qui est le frère de l'apôtre Pierre ? André
6%
95 Quelle est la déesse de la chasse à Rome ? Diane
6%
96 Que signifie "actually" en anglais ? En fait
6%
81 Comment s'appelle le capitaine de Starsky et Hutch ? Harold Dobey
6%
82 Quel est le sigle anglais de l'OTAN ? NATO
6%
91 Dans quel département se trouve Béthune ? Pas-de-Calais
6%
93 Qui est aimée par Cyrano de Bergerac ? Roxane
6%
97 Quel était le prénom de Spinoza ? Baruch
5%
87 Comment se nomme un facteur de guitare ? Luthier
5%
98 Quel est le premier nom du Trivial Pursuit en France ? Remue méninges
4%
100 Qui a créé en France la chanson J'attendrai ? Rina Ketty
4%
Aucun quiz correspondant
Distribution des résultats
% des personnes avec chaque résultat
Percentile par nombre de réponses
Votre historique - résultats
Vous n’avez pas pris ce quiz depuis la dernière actualisation